000
00272nam a2200121Ia 4500
008
190216s9999||||xx |||||||||||||| ||und||
100
_a
Santapu H
245
0
_a
Common Trees
260
_b
National Book Trust India
_c
1966
300
_a
142p
650
_a
Botany
942
_c
BK
999
_c
1036
_d
1036